000 00736nam a2200229 a 4500
999 _c1839
_d1839
001 1839
003 BD-JhCC
005 20171025084406.0
008 171025s1995 bg |||| ||a| 00| 0 ben d
020 _a9844013232
035 _a(BD-JhCC) 1839
040 _aBD-JhCC
_dBD-JhCC
041 _aben
082 _a954.9205
_bMOL 1995
100 _aমল্লিক, এ.আর
245 _aআমার জীবন কথা ও বাংলাদেশের মুক্তি সংগ্রাম /
_c এ.আর মল্লিক
260 _aঢাকা :
_bআগামী প্রকাশনী ,
_c1995
300 _a336 p .:
_c22 cm .
650 _aBangladesh Liberation movement
942 _2ddc
_cBK